Statistics for Consecutive Number Products

Click here to take the quiz!

General Stats

  • This quiz has been taken 59 times
  • The average score is 5 of 6

Answer Stats

#Consecutive Product% Correct
21 x 2
100%
62 x 3
96%
123 x 4
94%
204 x 5
94%
305 x 6
78%
242 x 3 x 4
76%

Score Distribution

Percentile by Number Answered

Percent of People with Each Score

Your Score History

You have not taken this quiz